Normal view
MARC view
- Supervised DR. ALI HASSAN DR. SAAD REHMAN
Entry Personal Name
001 - CONTROL NUMBER
- control field: 71715
003 - CONTROL NUMBER IDENTIFIER
- control field: NUST
005 - DATE AND TIME OF LATEST TRANSACTION
- control field: 20210628204654.0
008 - FIXED-LENGTH DATA ELEMENTS
- fixed length control field: 210628|| aca||aabn | a|a d
040 ## - CATALOGING SOURCE
- Original cataloging agency: NUST
- Transcribing agency: NUST
100 ## - HEADING--PERSONAL NAME
- Personal name: Supervised DR. ALI HASSAN DR. SAAD REHMAN
670 ## - SOURCE DATA FOUND
- Source citation: Work cat.: (NUST): HAIDER ALI AFZAL SAAD SYED UZAIR MEHDI MUHAMMAD ALI KHAN 71714, PR-SOF-1661-Human Posture Recognition & Gait Analysis, 2017
